AgriBusiness Management theory and practice (Record no. 4317)

MARC details
000 -LEADER
fixed length control field 00431nam a22001457a 4500
008 - FIXED-LENGTH DATA ELEMENTS--GENERAL INFORMATION
fixed length control field 250716b |||||||| |||| 00| 0 eng d
020 ## - INTERNATIONAL STANDARD BOOK NUMBER
ISBN 9788195759026
100 ## - MAIN ENTRY--AUTHOR
Author Kumar Bhupendra
245 ## - TITLE STATEMENT
Title AgriBusiness Management theory and practice
260 ## - PUBLICATION, DISTRIBUTION, ETC. (IMPRINT)
Place of publication New Delhi
Name of publisher Pinakon publisher
Date of publication 2023
300 ## - COLLATION
Pagination viii, 285p.
Other physical details ill;.
650 ## - TRACINGS
Main Subject Agricultural Industries
Subdivision (1st) Agricultural Management
942 ## - ADDED ENTRY ELEMENTS (KOHA)
Item type Books
050 ## - LIBRARY OF CONGRESS CALL NUMBER
Classification number HD9000.5
Item number .K96
Holdings
Source of classification or shelving scheme Not for loan Permanent location Current location Date acquired Accession No. Full call number Barcode. Koha item type
Library of Congress Classification   Samuel Ogbemudia Main Library, University of Abuja Samuel Ogbemudia Main Library, University of Abuja 07/16/2025 2024-62063 HD9000.5.K96 2025-3085 Books